| 000 | 00439 a2200169 4500 | ||
|---|---|---|---|
| 005 | 20260309154328.0 | ||
| 008 | 260309b |||||||| |||| 00| 0 eng d | ||
| 020 | _a9781788730587 | ||
| 040 | _cSDCL | ||
| 041 |
_2eng _aeng |
||
| 084 | _aW691y7M18 R0 | ||
| 100 |
_aKaratani, Kojin _9978401 |
||
| 245 |
_aMarx : _bTowards the Centre of Possibility |
||
| 260 |
_aLondon : _bVerso, _c2020. |
||
| 300 | _axxxix, 118p. | ||
| 942 |
_cTEXL _2CC |
||
| 999 |
_c1678276 _d1678276 |
||